000 01958cam a2200145 4500500
005 20260405085544.0
041 _afre
042 _adc
100 1 0 _aAlexandre-Collier, Agnès
_eauthor
700 1 0 _aAvril, Emmanuelle
_eauthor
245 0 0 _aLes partis politiques en Grande-Bretagne
260 _bArmand Colin,
_c2013.
520 _aLa vie politique en Grande-Bretagne est marquée par l’une des histoires les plus riches et anciennes d’Europe, mais son originalité reste largement méconnue – surtout par le public francophone, qui la réduit trop souvent à l’affrontement des deux grands partis dominants : Labour et Tories. D’où le présent ouvrage qui analyse l’ensemble des partis politiques, en soulignant la force des changements intervenus récemment en Grande-Bretagne. Fondé sur une définition précise du parti politique, il tient compte des multiples dimensions des organisations partisanes (idéologie-valeurs, ressources, soutiens). Il insiste aussi sur la modernisation des grands partis majoritaires (New Labour de Tony Blair, New Tories de David Cameron), ainsi que sur les conditions de la formation d’une coalition gouvernementale aux élections de mai 2010 et l’ascension des libéraux-démocrates. En outre, les auteurs mesurent l’impact du processus de dévolution des pouvoirs, au profit de l’Écosse et du pays de Galles, et s’interrogent sur les mutations des partis nord-irlandais. Ils mettent enfin en lumière la visibilité croissante des petits partis, notamment des Verts, et la montée du populisme (British National Party et United Kingdom Independence Party). Destiné aux étudiants de Licence, de Master et de Doctorat, cet ouvrage s’adresse aussi à toute personne désireuse de bénéficier d’un regard actualisé sur la vie politique britannique.
856 4 1 _uhttps://shs.cairn.info/les-partis-politiques-en-grande-bretagne--9782200275983?lang=fr&redirect-ssocas=7080
999 _c2198480
_d2198480